Seerat-E-aye Sha (Record no. 4645)

MARC details
000 -LEADER
fixed length control field 00567nam a2200229 a 4500
020 ## - INTERNATIONAL STANDARD BOOK NUMBER
ISBN
082 00 - DEWEY DECIMAL CLASSIFICATION NUMBER
Classification number 297.64
Author Cutter MAH2
100 ## - MAIN ENTRY--AUTHOR NAME
Author name Mahmood-Ul- Iqbad, Abbas
245 ## - TITLE STATEMENT
Title Seerat-E-aye Sha
260 ## - PUBLICATION, DISTRIBUTION, ETC. (IMPRINT)
Place of publication Allahabad
Name of publisher No Publisher
Year of publication 2000
300 ## - PHYSICAL DESCRIPTION
Number of Pages 20p
500 ## - GENERAL NOTE
General note includes index and biblioraphy
650 ## - SUBJECT ADDED ENTRY--TOPICAL TERM
Topical Term Muhammad, Prophet-Family
942 ## - ADDED ENTRY ELEMENTS (KOHA)
Koha item type Books
700 1# -
-- Mahmood-Ul- Iqbad, Abbas
Holdings
Collection code Home library Current library Date acquired Cost, normal purchase price Full call number Accession Number Koha item type
  Henry Martyn Institute Library Henry Martyn Institute Library 02/10/2010 100.00 297.64 MAH2 08976 Books
                   Copyright © 2026 | Henry Martyn Institute | Hyderabad | TS-500052 | INDIA | Implemented by hmi.edu.in
Hit-Count:

Powered by Koha